Vendéglátó egységek belsőépítészeti összehasonlítása a mai szemmel

Bibliographic Details
Main Author: Grámán Richárd Archibald
Other Authors: Bernát Dr. László
Format: Thesis
Kulcsszavak:Vendéglátótér
Összehasonlítás
Design
Enteriőr
Környezetpszichológia
Online Access:http://dolgozattar.uni-bge.hu/10001

MARC

LEADER 00000nta a2200000 i 4500
001 dolg10001
005 20170831130607.0
008 170428suuuu hu om 000 hun d
040 |a BGE Dolgozattár Repozitórium  |b hun 
041 |a hu 
100 1 |a Grámán Richárd Archibald 
245 1 0 |a Vendéglátó egységek belsőépítészeti összehasonlítása a mai szemmel  |c Grámán Richárd Archibald  |h [elektronikus dokumentum] 
246 1 1 |a Vendéglátó egységek belsőépítészeti összehasonlítása a mai szemmel 
695 |a Vendéglátótér 
695 |a Összehasonlítás 
695 |a Design 
695 |a Enteriőr 
695 |a Környezetpszichológia 
700 1 |a Bernát Dr. László  |e ths 
856 4 0 |u http://dolgozattar.uni-bge.hu/10001/1/Szakdolgozat_Gr%C3%A1m%C3%A1n%20Rich%C3%A1rd.pdf  |z Dokumentum-elérés